Historical Figures as Video Game Characters #2 - Statistics

General Stats
  • This quiz has been taken 38 times
  • The average score is 14 of 20
Answer Stats
Picture Answer % Correct
Bob Marley
100%
David Bowie
97%
Isaac Newton
97%
Elizabeth I
94%
Pelé
94%
Che Guevara
81%
Louis Armstrong
81%
Mikhail Gorbachev
81%
Nicki Minaj
77%
Al Capone
71%
Richard Nixon
71%
Victoria
71%
Joan of Arc
68%
Florence Nightingale
61%
Jacqueline Kennedy
58%
Ruhollah Khomeini
48%
Otto von Bismarck
45%
Hirohito
42%
Ned Kelly
29%
Mobutu Sese Seko
13%
No matching quizzes found
Score Distribution
Percent of People with Each Score
Percentile by Number Answered
Your Score History
You have not taken this quiz